Christian Dalit women under unabated gender and case oppression : (Record no. 143448)

MARC details
000 -LEADER
fixed length control field 00579nam a22001817a 4500
005 - DATE AND TIME OF LATEST TRANSACTION
control field 20170817110822.0
010 ## - LCCN (DPL NO)
LC control number ENG-119852
020 ## - INTERNATIONAL STANDARD BOOK NUMBER
International Standard Book Number 9788184655056
Terms of availability 225.00
035 ## - SYSTEM CONTROL NUMBER
System control number EN-103384
037 ## - SOURCE OF ACQUISITION
Source of stock number/acquisition DBAD/PUB
082 ## - DEWEY DECIMAL CLASSIFICATION NUMBER
Classification number 250
100 ## - MAIN ENTRY--PERSONAL NAME
Personal name Godwin Shiri
245 ## - TITLE STATEMENT
Title Christian Dalit women under unabated gender and case oppression :
Remainder of title a Souih Indian case study /
Statement of responsibility, etc by Godwin Shiri
260 ## - PUBLICATION, DISTRIBUTION, ETC. (IMPRINT)
Place of publication, distribution, etc Kolkata
Name of publisher, distributor, etc ISPCK
Date of publication, distribution, etc 2015
270 ## - ADDRESS
Address 1584,1654,Madarsa Road,Kahmere Gate
City Delhi
Postal code 110006
300 ## - PHYSICAL DESCRIPTION
Extent xxvi,145p
Dimensions 21cm.(pbk)
942 ## - ADDED ENTRY ELEMENTS (KOHA)
Source of classification or shelving scheme Dewey Decimal Classification
Item type English Books
Classification part 250
Call number suffix GOD
Holdings
Withdrawn status Lost status Not for loan Collection code Home library Current library Date acquired Source of acquisition Cost, normal purchase price Full call number Barcode Copy number Cost, replacement price Koha item type
      Non-fiction Shahdara Branch Shahdara Branch 17/08/2017 DBAD/PUB 225.00 250 GOD EN-103384 1 225.00 English Books

© Delhi Public Library
Hit Counter
free hit counter